The poky little puppy : (Record no. 105567)
[ view plain ]
| 000 -LEADER | |
|---|---|
| fixed length control field | 00408nam a2200145 a 4500 |
| 005 - DATE AND TIME OF LATEST TRANSACTION | |
| control field | 20140412111406.0 |
| 008 - FIXED-LENGTH DATA ELEMENTS--GENERAL INFORMATION | |
| fixed length control field | 070706s19uu xx 00 eng d |
| 020 ## - INTERNATIONAL STANDARD BOOK NUMBER | |
| International Standard Book Number | 0-307-98781-7 |
| 050 ## - LIBRARY OF CONGRESS CALL NUMBER | |
| Classification number | ER |
| Item number | Po75 1997 |
| 100 ## - MAIN ENTRY--PERSONAL NAME | |
| Personal name | Dickson, Anna |
| 245 ## - TITLE STATEMENT | |
| Title | The poky little puppy : |
| Remainder of title | Comes to sesame street / |
| Statement of responsibility, etc | Anna Dickson. |
| 260 ## - PUBLICATION, DISTRIBUTION, ETC. (IMPRINT) | |
| Place of publication, distribution, etc | U.S.A : |
| Name of publisher, distributor, etc | Golden book, |
| Date of publication, distribution, etc | 1997. |
| 440 ## - SERIES STATEMENT/ADDED ENTRY--TITLE | |
| Title | Sesame street |
| Withdrawn status | Lost status | Damaged status | Home library | Current library | Shelving location | Date acquired | Source of acquisition | Total Checkouts | Full call number | Barcode | Date last seen | Price effective from | Koha item type |
|---|---|---|---|---|---|---|---|---|---|---|---|---|---|
| Elizalde Library | Elizalde Library | Easy Reading Section | 07/06/2007 | ER Po75 1997 | E10349 | 04/12/2014 | 04/12/2014 | Books |